000 00311nam a22001457a 4500
008 230907b ||||| |||| 00| 0 eng d
020 _a9780684811086
041 _aeng
080 _a521
082 _a521BRO
100 _a19
101 _aASTR
245 _aTHE UNIVERSE BELOW
_cBROAD.J.W
942 _2udc
_cBK
999 _c60265
_d60265